000 00278nam a2200085Ia 4500
245 0 _aThe Constitution of the Republic of South Africa, 1996
100 _a South Africa Claremont, Cape Town, 2011 11th ed
_976719
942 _cBK
008 210817s9999 xx 000 0 und d
999 _c259843
_d259843